The power of now : (Record no. 22825)

MARC details
000 -LEADER
fixed length control field 00756cam a22002415a 4500
001 - CONTROL NUMBER
control field 13903724
005 - DATE AND TIME OF LATEST TRANSACTION
control field 20201128023933.0
008 - FIXED-LENGTH DATA ELEMENTS--GENERAL INFORMATION
fixed length control field 050317s2004 bcc frb 000 0 eng d
020 ## - INTERNATIONAL STANDARD BOOK NUMBER
International Standard Book Number 9781577314806
040 ## - CATALOGING SOURCE
Original cataloging agency DLC
Transcribing agency DLC
Modifying agency DLC
-- EG-ScBUE
Language of cataloging eng
082 04 - DEWEY DECIMAL CLASSIFICATION NUMBER
Classification number 291.44
Edition number 22
Item number TOL
100 1# - MAIN ENTRY--PERSONAL NAME
Personal name Tolle, Eckhart,
Dates associated with a name 1948-
245 14 - TITLE STATEMENT
Title The power of now :
Remainder of title a guide to spiritual enlightenment /
Statement of responsibility, etc Eckhart Tolle.
250 ## - EDITION STATEMENT
Edition statement [Rev. ed.]
260 ## - PUBLICATION, DISTRIBUTION, ETC. (IMPRINT)
Place of publication, distribution, etc Vancouver :
Name of publisher, distributor, etc Namaste ;
Place of publication, distribution, etc Novato :
Name of publisher, distributor, etc New World Library,
Date of publication, distribution, etc c.2004.
300 ## - PHYSICAL DESCRIPTION
Extent xvi, 235 p. ;
Dimensions 22 cm.
500 ## - GENERAL NOTE
General note 1 New York Times bestseller.
504 ## - BIBLIOGRAPHY, ETC. NOTE
Bibliography, etc Bibliography : p. 231.
650 #7 - SUBJECT ADDED ENTRY--TOPICAL TERM
Topical term or geographic name as entry element Spiritual Life.
Source of heading or term BUEsh
9 (RLIN) 1046
651 ## - SUBJECT ADDED ENTRY--GEOGRAPHIC NAME
Source of heading or term BUEsh
653 ## - INDEX TERM--UNCONTROLLED
Resource For college Engineering, General
Arrived date list October2016
BestSellers Best Sellers
942 ## - ADDED ENTRY ELEMENTS (KOHA)
Source of classification or shelving scheme Dewey Decimal Classification
Holdings
Withdrawn status Item status Source of classification or shelving scheme Damaged status Not for loan Vendor Home library Current library Shelving location Date acquired Source of acquisition Cost, normal purchase price Total Checkouts Total Renewals Full call number Barcode Date last seen Date last borrowed Koha item type
    Dewey Decimal Classification     Baccah Central Library Central Library Lower Floor 24/10/2016 Purchase 330.00 5 50 291.44 TOL 000034503 15/07/2025 09/03/2022 Book - Borrowing